[Event "European Blitz 2015"]
[Site "Minsk BLR"]
[Date "2015.12.18"]
[Round "1.6"]
[White "Aliyev, Ravan"]
[Black "Kovalenko, Igor"]
[Result "0-1"]
[BlackTitle "GM"]
[WhiteElo "2032"]
[BlackElo "2680"]
[WhiteFideId "13409980"]
[BlackFideId "14117908"]
[EventDate "2015.12.18"]
[EventType "swiss (blitz)"]

1. Nf3 Nf6 2. g3 d5 3. Bg2 c6 4. O-O a5 5. d3 a4 6. Nbd2 g6 7. e4 dxe4 8. dxe4
Bg7 9. a3 O-O 10. Qe2 Qb6 11. e5 Nd5 12. c4 Nc7 13. Ne4 Nd7 14. Be3 Qa6 15. Bd4
Ne6 16. Bc3 Ndc5 17. Rad1 Re8 18. h4 Nxe4 19. Qxe4 Nc5 20. Qf4 Be6 21. Nd2 Rad8
22. Rfe1 Nd3 23. Qe4 Nxe1 24. Rxe1 Bh6 25. f4 Qb6+ 26. Kh2 Bf5 27. Qf3 Rd3 28.
Qe2 Red8 29. Ne4 Be6 30. Nf2 Rxc3 31. bxc3 Qb3 32. Bf1 Qxc3 33. Qe4 Rd4 34. Qb1 0-1

[Event "European Blitz 2015"]
[Site "Minsk BLR"]
[Date "2015.12.18"]
[Round "1.8"]
[White "Grigorian, Maksim"]
[Black "Bortnyk, Olexandr"]
[Result "0-1"]
[BlackTitle "GM"]
[WhiteElo "1887"]
[BlackElo "2552"]
[WhiteFideId "24129380"]
[BlackFideId "14120828"]
[EventDate "2015.12.18"]
[EventType "swiss (blitz)"]

1. d4 d6 2. Nf3 Nf6 3. c4 g6 4. Nc3 Bf5 5. Qb3 Qc8 6. h3 Bg7 7. Bf4 O-O 8. e3
Nc6 9. g4 Bd7 10. Bg3 a5 11. Bg2 a4 12. Qd1 Na5 13. Qe2 c5 14. d5 a3 15. b3 Nxg4
16. Rc1 Nxb3 17. Nb1 0-1

[Event "European Blitz 2015"]
[Site "Minsk BLR"]
[Date "2015.12.18"]
[Round "1.9"]
[White "Jobava, Baadur"]
[Black "Svistun, Ivan"]
[Result "1-0"]
[WhiteTitle "GM"]
[WhiteElo "2673"]
[BlackElo "1966"]
[WhiteFideId "13601520"]
[BlackFideId "13506250"]
[EventDate "2015.12.18"]
[EventType "swiss (blitz)"]

1. e4 c5 2. Nc3 d6 3. Nge2 Nf6 4. g3 g6 5. Bg2 Bg7 6. d3 O-O 7. O-O Nc6 8. h3
Rb8 9. f4 Qc7 10. g4 b5 11. a3 a5 12. a4 b4 13. Nb5 Qd7 14. Be3 Bb7 15. c3 Ne8
16. d4 cxd4 17. cxd4 e6 18. Rc1 f5 19. d5 Nd8 20. exf5 exf5 21. Ned4 Nf6 22. Rc7
Qe8 23. Re1 Ne4 24. Bc1 Bxd5 25. Nxf5 gxf5 26. Qxd5+ Qe6 27. Qd3 d5 28. Kh2 Rf7
29. b3 Rb7 30. Rc2 Rbd7 31. g5 h6 32. Nd4 Qg6 33. Nf3 Ne6 34. Rc6 Rd6 35. Rxd6
Nxd6 36. Qxd5 Ne4 37. Nh4 Qh5 38. Nxf5 N4c5 39. Rxe6 Nxe6 40. Qxe6 hxg5 41. fxg5
Qd1 42. g6 1-0

[Event "European Blitz 2015"]
[Site "Minsk BLR"]
[Date "2015.12.18"]
[Round "1.10"]
[White "Boytsov, Alexander"]
[Black "Alekseev, Evgeny"]
[Result "0-1"]
[BlackTitle "GM"]
[WhiteElo "1964"]
[BlackElo "2642"]
[WhiteFideId "24177113"]
[BlackFideId "4138147"]
[EventDate "2015.12.18"]
[EventType "swiss (blitz)"]

1. Nf3 c5 2. g3 Nc6 3. Bg2 g6 4. c4 Bg7 5. Nc3 d6 6. O-O e6 7. a3 Nge7 8. Rb1
O-O 9. b4 b6 10. e3 Bb7 11. d4 Rc8 12. bxc5 dxc5 13. d5 Bxc3 14. dxc6 Qxd1 15.
Rxd1 Bxc6 16. Bb2 Bxb2 17. Rxb2 Rfd8 18. Rxd8+ Rxd8 19. Nd2 f6 20. Bf1 Kf7 21.
Be2 Nf5 22. Nf3 Nd6 23. Nd2 Ke7 24. f3 Nf7 25. Kf2 Ne5 26. f4 Nd3+ 27. Bxd3 Rxd3
28. Ra2 Ba4 29. Ke2 Rc3 30. Ne4 Rxc4 31. Kd3 Rc1 32. Nc3 Bc6 33. e4 f5 34. e5
Rg1 35. Kc4 Rc1 36. Kd3 b5 37. Kd2 Rh1 38. Kd3 a5 39. Rc2 Ra1 40. Ra2 Rxa2 41.
Nxa2 b4 42. axb4 axb4 43. Kd2 Bd5 44. Nc1 Kd7 45. Kd3 Kc6 46. Ne2 Kb5 47. Kc2
Ka4 48. Nc1 c4 0-1

[Event "European Blitz 2015"]
[Site "Minsk BLR"]
[Date "2015.12.18"]
[Round "1.11"]
[White "Ponkratov, Pavel"]
[Black "Chubar, Vladimir"]
[Result "1-0"]
[WhiteTitle "GM"]
[BlackTitle "IM"]
[WhiteElo "2604"]
[BlackElo "2013"]
[WhiteFideId "4157800"]
[BlackFideId "14101491"]
[EventDate "2015.12.18"]
[EventType "swiss (blitz)"]

1. e4 e6 2. d4 d5 3. Bd3 c5 4. exd5 Qxd5 5. Nc3 Qd8 6. d5 Nf6 7. dxe6 Bxe6 8.
Nf3 Nc6 9. O-O Be7 10. Ng5 Bg4 11. Qe1 O-O 12. Nce4 Nxe4 13. Qxe4 f5 14. Qc4+
Kh8 15. Ne6 Qd4 1-0

[Event "European Blitz 2015"]
[Site "Minsk BLR"]
[Date "2015.12.18"]
[Round "1.12"]
[White "Ruban, Irina"]
[Black "Guseinov, Gadir"]
[Result "1/2-1/2"]
[BlackTitle "GM"]
[WhiteElo "1892"]
[BlackElo "2646"]
[WhiteFideId "14123142"]
[BlackFideId "13401378"]
[EventDate "2015.12.18"]
[EventType "swiss (blitz)"]

1. d4 Nf6 2. Nf3 g6 3. c4 Bg7 4. Nc3 d6 5. g3 O-O 6. Bg2 Nbd7 7. O-O e5 8. e4
exd4 9. Nxd4 Re8 10. Re1 Nc5 11. b4 Ne6 12. Be3 Ng4 13. Qxg4 Nxd4 14. Qd1 Nc6
15. Qb3 Bg4 16. f3 Be6 17. Rac1 Ne5 18. Nd5 Qc8 19. Nf4 Bd7 20. Red1 a5 21. a3
axb4 22. Qxb4 Ra4 23. Qb3 Qa8 24. Nd5 Rxa3 25. Qb4 Qa4 26. Qxa4 Bxa4 27. Re1 Nd3
28. Nxc7 Rc8 29. Nd5 Kh8 30. Ra1 Rxa1 1/2-1/2

[Event "European Blitz 2015"]
[Site "Minsk BLR"]
[Date "2015.12.18"]
[Round "1.13"]
[White "Zubov, Alexander"]
[Black "Vermue, Albert"]
[Result "1-0"]
[WhiteTitle "GM"]
[WhiteElo "2601"]
[BlackElo "1826"]
[WhiteFideId "14109409"]
[BlackFideId "1026968"]
[EventDate "2015.12.18"]
[EventType "swiss (blitz)"]

1. d4 d5 2. c4 e5 3. dxe5 d4 4. Nf3 Nc6 5. a3 Nge7 6. b4 Ng6 7. Bb2 Ncxe5 8.
Nxe5 Nxe5 9. Bxd4 Nxc4 10. e3 Nd6 11. Nd2 Be6 12. Qc2 a5 13. b5 Rc8 14. Be2 Nf5
15. Bc3 b6 16. Nf3 Bd6 17. O-O O-O 18. g3 Qe7 19. e4 Nh6 20. Qb2 f6 21. Nd4 Bd7
22. Bc4+ Kh8 23. Bd5 Bh3 24. Rfe1 Be5 25. Nc6 Qc5 26. Nxe5 fxe5 27. Bxe5 Ng4 28.
Bxg7# 1-0

[Event "European Blitz 2015"]
[Site "Minsk BLR"]
[Date "2015.12.18"]
[Round "1.14"]
[White "Mats, Diana"]
[Black "Bocharov, Dmitry"]
[Result "0-1"]
[BlackTitle "GM"]
[WhiteElo "2061"]
[BlackElo "2558"]
[WhiteFideId "14138611"]
[BlackFideId "4138716"]
[EventDate "2015.12.18"]
[EventType "swiss (blitz)"]

1. e4 c5 2. Nc3 Nc6 3. Bb5 Nd4 4. Bc4 e6 5. Nge2 Nf6 6. O-O a6 7. a4 d5 8. exd5
exd5 9. Ba2 Nxe2+ 10. Nxe2 Bd6 11. d4 cxd4 12. Nxd4 O-O 13. Bg5 h6 14. Bh4 Re8
15. Qf3 Be5 16. Rad1 g5 17. Bg3 Bg4 18. Qd3 Bxd1 19. Rxd1 Bxd4 20. Qxd4 Qe7 21.
h3 Rad8 22. Qb6 Kg7 23. Bc7 Rd7 24. Bg3 Ne4 25. Qd4+ Qf6 26. Qb4 Nxg3 27. fxg3
Qe5 28. Qb3 Qe3+ 29. Kh2 Qxb3 0-1

[Event "European Blitz 2015"]
[Site "Minsk BLR"]
[Date "2015.12.18"]
[Round "1.15"]
[White "Movsesian, Sergei"]
[Black "Kravets, Olexander"]
[Result "1-0"]
[WhiteTitle "GM"]
[WhiteElo "2659"]
[BlackElo "1739"]
[WhiteFideId "310204"]
[BlackFideId "14128969"]
[EventDate "2015.12.18"]
[EventType "swiss (blitz)"]

1. e4 d6 2. d4 Nf6 3. Nc3 g6 4. Be3 c6 5. h3 Qb6 6. a3 Bg7 7. Bc4 O-O 8. Bb3
Nbd7 9. Nf3 Qc7 10. Qd2 e5 11. dxe5 dxe5 12. Rd1 Nh5 13. O-O b5 14. Qd6 Qxd6 15.
Rxd6 Nb6 16. Rxc6 Bd7 17. Rc7 Rfd8 18. Rd1 Be6 19. Rxd8+ Rxd8 20. Bxe6 fxe6 21.
b3 Nf4 22. Rxa7 Rc8 23. Nxb5 1-0

[Event "European Blitz 2015"]
[Site "Minsk BLR"]
[Date "2015.12.18"]
[Round "1.16"]
[White "Sokolov, Ilia"]
[Black "Short, Nigel D"]
[Result "0-1"]
[BlackTitle "GM"]
[WhiteElo "1666"]
[BlackElo "2684"]
[WhiteFideId "34107468"]
[BlackFideId "400025"]
[EventDate "2015.12.18"]
[EventType "swiss (blitz)"]

1. Nf3 d5 2. g3 Bg4 3. Bg2 Nd7 4. d4 e6 5. O-O Bd6 6. c4 c6 7. Nc3 f5 8. Re1 Qe7
9. Bg5 Ngf6 10. Qd2 O-O 11. Bf4 Ne4 12. Bxd6 Qxd6 13. Qc2 Rae8 14. Nd2 Bh5 15.
f3 Nxd2 16. Qxd2 dxc4 17. Rad1 Nf6 18. e3 Rd8 19. a4 a6 20. Qe2 b5 21. axb5 cxb5
22. Qf2 0-1

[Event "European Blitz 2015"]
[Site "Minsk BLR"]
[Date "2015.12.18"]
[Round "1.19"]
[White "Grachev, Boris"]
[Black "Kapelchik, Andrei"]
[Result "1-0"]
[WhiteTitle "GM"]
[WhiteElo "2652"]
[BlackElo "1936"]
[WhiteFideId "4129199"]
[BlackFideId "13504673"]
[EventDate "2015.12.18"]
[EventType "swiss (blitz)"]

1. d4 c5 2. d5 e5 3. Nc3 d6 4. e4 a6 5. a4 f5 6. exf5 Bxf5 7. Bd3 Bxd3 8. Qxd3
Nf6 9. Nf3 Be7 10. Ng5 Nxd5 11. Nxd5 Bxg5 12. Bxg5 Qxg5 13. Nc7+ Kd7 14. Nxa8
Qxg2 15. O-O-O Qg5+ 16. Kb1 Qf6 17. Nb6+ Kc6 18. a5 Nd7 19. Qe4+ Kc7 20. Nd5+ 1-0

[Event "European Blitz 2015"]
[Site "Minsk BLR"]
[Date "2015.12.18"]
[Round "1.23"]
[White "Ragger, Markus"]
[Black "Toporkova, Sofia"]
[Result "1-0"]
[WhiteTitle "GM"]
[WhiteElo "2687"]
[BlackElo "1868"]
[WhiteFideId "1610856"]
[BlackFideId "4169930"]
[EventDate "2015.12.18"]
[EventType "swiss (blitz)"]

1. d4 d5 2. c4 dxc4 3. e3 e5 4. Bxc4 exd4 5. exd4 Nf6 6. Nf3 Be7 7. O-O O-O 8.
Nc3 c6 9. Re1 Nbd7 10. Bb3 Nb6 11. Ne5 Nbd5 12. Bg5 h6 13. Nxd5 Nxd5 14. Bxe7
Nxe7 15. Qf3 Nf5 16. Rad1 Qg5 17. Nxf7 Rxf7 18. Re8+ Kh7 19. Bxf7 Nd6 20. Bg8+
Kh8 21. Bb3+ Nxe8 22. Qf8+ Kh7 23. Bg8+ Kh8 24. Bf7+ 1-0

[Event "European Blitz 2015"]
[Site "Minsk BLR"]
[Date "2015.12.18"]
[Round "1.24"]
[White "Bogdan, Ekaterina"]
[Black "Popov, Ivan RUS"]
[Result "0-1"]
[BlackTitle "GM"]
[WhiteElo "2065"]
[BlackElo "2650"]
[WhiteFideId "13502638"]
[BlackFideId "4170350"]
[EventDate "2015.12.18"]
[EventType "swiss (blitz)"]

1. d4 Nf6 2. c4 b6 3. Nf3 Bb7 4. g3 g6 5. Bg2 Bg7 6. O-O O-O 7. Nc3 Ne4 8. Qc2
Nxc3 9. bxc3 d6 10. a4 Nc6 11. Ba3 Na5 12. Nd2 Bxg2 13. Kxg2 c5 14. d5 Qd7 15.
e4 e5 16. Rab1 f5 17. f3 Bh6 18. Bc1 Bxd2 19. Bxd2 Nxc4 20. Bh6 Rf7 21. Qe2 Na5
22. f4 exf4 23. Rxf4 Re8 24. Re1 Qxa4 25. e5 Qb3 26. e6 Qxd5+ 27. Kg1 Rfe7 0-1

[Event "European Blitz 2015"]
[Site "Minsk BLR"]
[Date "2015.12.18"]
[Round "1.25"]
[White "Bortnyk, Mykola"]
[Black "Khodas, Vikentsi"]
[Result "1-0"]
[WhiteTitle "IM"]
[WhiteElo "2416"]
[BlackElo "1926"]
[WhiteFideId "14120836"]
[BlackFideId "13506650"]
[EventDate "2015.12.18"]
[EventType "swiss (blitz)"]

1. e4 e5 2. Nf3 Nc6 3. Bb5 a6 4. Ba4 Nf6 5. Qe2 d6 6. c3 Be7 7. h3 O-O 8. O-O b5
9. Bc2 Bb7 10. Rd1 Re8 11. d3 h6 12. Nbd2 Nb8 13. Nf1 Nbd7 14. g4 Nc5 15. Ng3
Bf8 16. g5 hxg5 17. Nxg5 Ne6 18. Nxe6 Rxe6 19. Kh2 Nh7 20. Nf5 g6 21. Rg1 Kh8
22. Ne3 Bh6 23. Bb3 Re7 24. Ng4 Bxc1 25. Raxc1 f5 26. exf5 gxf5 27. Ne3 f4 28.
Nf5 Re8 29. Qh5 d5 30. Rg7 1-0

[Event "European Blitz 2015"]
[Site "Minsk BLR"]
[Date "2015.12.18"]
[Round "1.27"]
[White "Demidov, Mikhail"]
[Black "Kalnins, Toms"]
[Result "1-0"]
[WhiteTitle "IM"]
[WhiteElo "2485"]
[BlackElo "2034"]
[WhiteFideId "4197143"]
[BlackFideId "11604069"]
[EventDate "2015.12.18"]
[EventType "swiss (blitz)"]

1. d4 d5 2. Nf3 c6 3. e3 Bg4 4. c4 e6 5. Qb3 Qb6 6. Nc3 Nd7 7. Bd2 Ngf6 8. Bd3
Be7 9. h3 Bh5 10. Rc1 a5 11. cxd5 exd5 12. Nh4 Qxb3 13. axb3 O-O 14. g4 Bg6 15.
Nxg6 hxg6 16. f3 Rfe8 17. Kf2 Rad8 18. h4 Bd6 19. h5 gxh5 20. gxh5 Nf8 21. Ne2
Bb4 22. Bc3 Ne6 23. Ng3 Kf8 24. Nf5 g6 25. hxg6 fxg6 26. Nh4 g5 27. Ng6+ Kf7 28.
Ne5+ Ke7 29. Rh6 g4 30. fxg4 Ng5 31. Ke2 Nfe4 32. Bxb4+ axb4 33. Bxe4 Nxe4 34.
Rh7+ Kd6 35. Rxb7 c5 36. Nf7+ Kc6 37. Nxd8+ Rxd8 38. Re7 Rg8 39. Rxe4 dxe4 40.
Rxc5+ Kd6 41. g5 Rh8 42. Kf2 Rh2+ 43. Kg3 Rxb2 44. Kf4 Rxb3 45. Kxe4 Rb1 46. Kd3
b3 47. Kc3 Ke6 48. Rb5 Re1 49. Re5+ Kf7 50. Kxb3 1-0

[Event "European Blitz 2015"]
[Site "Minsk BLR"]
[Date "2015.12.18"]
[Round "1.28"]
[White "Masjuk, Vladimir"]
[Black "Belous, Vladimir"]
[Result "1-0"]
[BlackTitle "GM"]
[WhiteElo "1932"]
[BlackElo "2557"]
[WhiteFideId "13506722"]
[BlackFideId "4174003"]
[EventDate "2015.12.18"]
[EventType "swiss (blitz)"]

1. e4 c5 2. c3 Nf6 3. e5 Nd5 4. d4 cxd4 5. cxd4 Nc6 6. Nc3 Nxc3 7. bxc3 d6 8. f4
Bf5 9. Nf3 e6 10. Be2 Be7 11. O-O O-O 12. Be3 Rc8 13. c4 Na5 14. Rc1 dxe5 15.
fxe5 Ba3 16. Rc3 Bb2 17. Rb3 Nxb3 18. axb3 Ba3 19. Qa1 Be7 20. Qxa7 Ra8 21. Qxb7
Rb8 22. Qa6 Rxb3 23. Bf2 Rb2 24. c5 Qa8 25. Qc4 Rc2 26. Qa6 Qxa6 27. Bxa6 Ra8
28. Bb7 Raa2 29. c6 Be4 30. h4 1-0

[Event "European Blitz 2015"]
[Site "Minsk BLR"]
[Date "2015.12.18"]
[Round "1.29"]
[White "Roiz, Michael"]
[Black "Zuiderweg, Hiddo"]
[Result "1-0"]
[WhiteTitle "GM"]
[WhiteElo "2594"]
[BlackElo "1920"]
[WhiteFideId "2804158"]
[BlackFideId "1024280"]
[EventDate "2015.12.18"]
[EventType "swiss (blitz)"]

1. d4 e6 2. Nf3 Nf6 3. g3 d5 4. Bg2 Be7 5. c4 c6 6. O-O O-O 7. Bf4 Nbd7 8. Qc2
Ne4 9. Nc3 Ndf6 10. Ne5 Nxc3 11. bxc3 Bd7 12. Rab1 b6 13. Rfd1 Rc8 14. Qa4 dxc4
15. Nxc6 Bxc6 16. Bxc6 Nd5 17. Bxd5 exd5 18. Qxa7 Ra8 19. Qxb6 Rxa2 20. Qxd8
Rxd8 21. Rd2 Ra3 22. Rc2 h6 23. f3 g5 24. Bd2 Bf6 25. e4 dxe4 26. fxe4 Re8 27.
e5 Bg7 28. Rb4 Rc8 29. Kf2 Ra1 30. Kf3 Rh1 31. Be3 Rf1+ 32. Ke4 Bf8 33. Ra4 Kg7
34. Rf2 Rxf2 35. Bxf2 Be7 36. d5 Bf8 37. Bd4 Kg6 38. Ra6+ Kh7 39. Rc6 Re8 1-0

[Event "European Blitz 2015"]
[Site "Minsk BLR"]
[Date "2015.12.18"]
[Round "1.30"]
[White "Kozlov, Aleksandr V"]
[Black "Chigaev, Maksim"]
[Result "0-1"]
[BlackTitle "IM"]
[WhiteElo "1932"]
[BlackElo "2526"]
[WhiteFideId "13513346"]
[BlackFideId "4108116"]
[EventDate "2015.12.18"]
[EventType "swiss (blitz)"]

1. e4 c6 2. Nc3 d5 3. Nf3 Bg4 4. h3 Bxf3 5. Qxf3 e6 6. d3 Bc5 7. Be2 Nd7 8. O-O
Ne7 9. Qg3 Ng6 10. Bg5 Qb8 11. Qxb8+ Rxb8 12. Kh2 Bd6+ 13. Kg1 Be5 14. Bd2 Bd4
15. Be3 Bxe3 16. fxe3 Nf6 17. Rf2 dxe4 18. dxe4 Ne5 19. b3 Ke7 20. Bf3 h5 21.
Rd1 Rbd8 22. Rfd2 Rxd2 23. Rxd2 g5 24. Be2 h4 25. Bf3 g4 26. hxg4 Nfxg4 27. Nd1
Nf6 28. Nf2 h3 29. Nd3 Nfd7 30. Ne1 hxg2 31. Rxg2 a5 32. Kf2 b5 33. a3 Ra8 34.
Nd3 a4 35. b4 Nc4 36. e5 Ncxe5 37. Rg7 Rc8 38. c3 Nxd3+ 0-1

[Event "European Blitz 2015"]
[Site "Minsk BLR"]
[Date "2015.12.18"]
[Round "1.32"]
[White "Lopatik, Nikita"]
[Black "Rakhmanov, Aleksandr"]
[Result "0-1"]
[BlackTitle "GM"]
[WhiteElo "2007"]
[BlackElo "2640"]
[WhiteFideId "13504150"]
[BlackFideId "4173708"]
[EventDate "2015.12.18"]
[EventType "swiss (blitz)"]

1. e4 c5 2. Nf3 Nf6 3. e5 Nd5 4. c3 e6 5. d4 cxd4 6. cxd4 d6 7. Be2 dxe5 8. dxe5
Nc6 9. O-O Be7 10. Re1 O-O 11. a3 b6 12. b4 Bb7 13. Bb2 Nf4 14. Nc3 Qxd1 15.
Raxd1 Nxe2+ 16. Rxe2 Rfd8 17. Red2 Rxd2 18. Rxd2 Rd8 19. Nb5 Rxd2 20. Nxd2 Kf8
21. f3 Ba6 22. Nd4 Nxd4 23. Bxd4 Bd3 24. Kf2 Ke8 25. Ke3 Bb5 26. Nb1 Kd7 27. Nc3
Bf1 28. Kf2 Bc4 29. g3 Kc6 30. Ke3 a5 31. bxa5 bxa5 32. a4 h5 33. h3 Bf1 34. h4
g5 35. hxg5 Bxg5+ 36. f4 Be7 37. Kf2 Bc4 38. Ke3 Bb3 39. Kd2 Bb4 40. Ke3 Ba3 41.
Kd2 Bb2 42. Kd3 Ba3 43. Kd2 Bb4 44. Kd3 Kd7 45. Ke3 Ke8 46. Ne4 Bxa4 47. Nf6+
Ke7 48. Nxh5 Kd7 49. Nf6+ Kc6 50. g4 Bd1 51. f5 Bc2 52. fxe6 fxe6 53. g5 a4 54.
Ne4 a3 55. g6 Bxe4 56. Kxe4 Bf8 57. Ba1 Kb5 58. Kf4 Kc4 59. Kg5 Bg7 60. Kf4 Kd3
61. Kf3 Bh6 62. Kf2 a2 63. Kf3 Kc2 64. Ke4 Bg7 65. Kd4 Kb1 0-1

[Event "European Blitz 2015"]
[Site "Minsk BLR"]
[Date "2015.12.18"]
[Round "1.33"]
[White "Inarkiev, Ernesto"]
[Black "Motovilnik, Jurij"]
[Result "1-0"]
[WhiteTitle "GM"]
[WhiteElo "2668"]
[BlackElo "1881"]
[WhiteFideId "4162722"]
[BlackFideId "13507273"]
[EventDate "2015.12.18"]
[EventType "swiss (blitz)"]

1. d4 e6 2. c4 Nf6 3. Nf3 b6 4. g3 Bb7 5. Bg2 Bb4+ 6. Bd2 Bxd2+ 7. Qxd2 O-O 8.
Nc3 d5 9. Ne5 Nbd7 10. O-O Rc8 11. Rfd1 c6 12. f4 Nxe5 13. dxe5 Nd7 14. e4 Qe7
15. cxd5 cxd5 16. exd5 exd5 17. Nxd5 Qc5+ 18. Kh1 Rfd8 19. Rac1 Qf8 20. Rxc8
Bxc8 21. Nb4 Re8 22. Bc6 Rd8 23. Qd6 h6 24. Qxf8+ Kxf8 25. Rd6 Ke7 26. Nd5+ Ke8
27. b4 g6 28. b5 h5 29. Kg2 1-0

[Event "European Blitz 2015"]
[Site "Minsk BLR"]
[Date "2015.12.18"]
[Round "1.35"]
[White "Popov, Valerij"]
[Black "Ilyuchyk, Yana"]
[Result "1-0"]
[WhiteTitle "GM"]
[WhiteElo "2528"]
[BlackElo "1825"]
[WhiteFideId "4119410"]
[BlackFideId "13508407"]
[EventDate "2015.12.18"]
[EventType "swiss (blitz)"]

1. Nf3 Nf6 2. c4 g6 3. Nc3 Bg7 4. e4 d6 5. d4 O-O 6. Be2 Nbd7 7. Be3 e5 8. d5
Nh5 9. g3 Nc5 10. b4 Nd7 11. Rc1 a5 12. a3 Nb8 13. Nd2 Nf6 14. c5 Bh3 15. Nc4
axb4 16. axb4 Bg2 17. Rg1 Bxe4 18. cxd6 cxd6 19. g4 Ne8 20. Nxe4 f5 21. gxf5
gxf5 22. Bg5 Qc7 23. Ncxd6 Qb6 24. Nxe8 Qxb4+ 25. Bd2 Qxe4 26. Nxg7 Kh8 27. Ne6
Rg8 28. Rxg8+ Kxg8 29. Rc8+ Kf7 30. Ng5+ Kg6 31. Nxe4 1-0

[Event "European Blitz 2015"]
[Site "Minsk BLR"]
[Date "2015.12.18"]
[Round "1.36"]
[White "Polyakov, Fedor"]
[Black "Goganov, Aleksey"]
[Result "0-1"]
[BlackTitle "GM"]
[WhiteElo "1882"]
[BlackElo "2597"]
[WhiteFideId "11602953"]
[BlackFideId "24109959"]
[EventDate "2015.12.18"]
[EventType "swiss (blitz)"]

1. d4 Nf6 2. c4 e6 3. Nf3 Bb4+ 4. Bd2 Qe7 5. a3 Bxd2+ 6. Qxd2 O-O 7. Nc3 d5 8.
e3 c5 9. cxd5 exd5 10. Bd3 Nc6 11. O-O Bg4 12. dxc5 Bxf3 13. gxf3 Ne5 14. Be2
Qxc5 15. f4 Nc4 16. Qc2 Rac8 17. Bxc4 dxc4 18. Ne2 b5 19. Nd4 Rfe8 20. Rac1 Ne4
21. f3 Nf6 22. Kf2 Nd5 23. Rce1 Nxe3 24. Rxe3 Qxd4 25. Re1 c3 26. bxc3 Qc5 27.
Qd2 Rf8 28. Kg2 Qxa3 29. Re5 a6 30. R1e3 Qb3 31. Kh3 Qc4 32. R3e4 Qxc3 33. Qg2
Rc6 34. f5 Qc1 35. Re1 Qh6+ 36. Kg3 Qg5+ 37. Kh3 Rh6# 0-1

[Event "European Blitz 2015"]
[Site "Minsk BLR"]
[Date "2015.12.18"]
[Round "1.37"]
[White "Motylev, Alexander"]
[Black "Salah, Nadezhda"]
[Result "1-0"]
[WhiteTitle "GM"]
[WhiteElo "2653"]
[BlackElo "1951"]
[WhiteFideId "4121830"]
[BlackFideId "14139758"]
[EventDate "2015.12.18"]
[EventType "swiss (blitz)"]

1. e4 c5 2. Nf3 d6 3. d4 cxd4 4. Nxd4 Nf6 5. Nc3 g6 6. Be3 Bg7 7. f3 Nc6 8. Qd2
O-O 9. O-O-O d5 10. exd5 Nxd5 11. Nxc6 bxc6 12. Bd4 e5 13. Bc5 Be6 14. Ne4 Re8
15. Bc4 Nf4 16. Qc3 Qc8 17. Nd6 Qb8 18. Nxe8 Qxe8 19. Bxe6 Qxe6 20. Qb3 Nd5 21.
Rhe1 Qc8 22. Qa4 Rb8 23. Ba3 Qb7 24. Rd3 Nf4 25. Rb3 Qc7 26. Rxb8+ Qxb8 27. g3
Ne6 28. Qxc6 Nd4 29. Qd5 Qc7 30. Qa8+ 1-0

[Event "European Blitz 2015"]
[Site "Minsk BLR"]
[Date "2015.12.18"]
[Round "1.38"]
[White "Denisik, Sergei"]
[Black "Landa, Konstantin"]
[Result "0-1"]
[BlackTitle "GM"]
[WhiteElo "1947"]
[BlackElo "2625"]
[WhiteFideId "13511297"]
[BlackFideId "4101685"]
[EventDate "2015.12.18"]
[EventType "swiss (blitz)"]

1. e4 c5 2. Nf3 e6 3. c3 d5 4. exd5 Qxd5 5. d4 Nf6 6. Be3 cxd4 7. Qxd4 Nc6 8.
Qxd5 Nxd5 9. Bd4 Nxd4 10. Nxd4 a6 11. Nd2 Bc5 12. N2f3 Ke7 13. g3 Rd8 14. O-O-O
Bd7 15. Bg2 Rac8 16. Kb1 Kf8 17. Rhe1 b5 18. Ne5 Be8 19. Nef3 Rd6 20. Ng5 h6 21.
Ne4 Rb6 22. Nxc5 Rxc5 23. Bxd5 Rxd5 24. Nf3 Bc6 25. Rxd5 Bxd5 26. Ne5 Ke7 27. a3
a5 28. Kc2 a4 29. Nd3 Bb3+ 30. Kd2 Rd6 31. Ke3 f6 32. Re2 e5 33. Rd2 Bc4 34. Nc5
Rxd2 35. Kxd2 Kd6 36. Nd3 Bxd3 37. Kxd3 Kd5 38. g4 g6 39. h4 h5 40. f3 f5 41.
gxf5 gxf5 42. Ke3 f4+ 43. Kd3 e4+ 44. fxe4+ Ke5 45. c4 bxc4+ 46. Kxc4 Kxe4 47.
b3 f3 48. bxa4 f2 49. a5 f1=Q+ 0-1

[Event "European Blitz 2015"]
[Site "Minsk BLR"]
[Date "2015.12.18"]
[Round "1.39"]
[White "Huzman, Alexander"]
[Black "Gordeenja, Valerij"]
[Result "1-0"]
[WhiteTitle "GM"]
[WhiteElo "2581"]
[BlackElo "1897"]
[WhiteFideId "2803828"]
[BlackFideId "13502107"]
[EventDate "2015.12.18"]
[EventType "swiss (blitz)"]

1. Nf3 Nf6 2. c4 c5 3. Nc3 Nc6 4. g3 g6 5. d4 cxd4 6. Nxd4 Bg7 7. Bg2 O-O 8. O-O
Qb6 9. Nb3 d6 10. Be3 Qb4 11. Rc1 Qxc4 12. Nd5 Qa6 13. Nc7 Qxa2 14. Nxa8 Be6 15.
Nd4 Rxa8 16. Nxe6 fxe6 17. b4 Nxb4 18. Bxb7 Rb8 19. Bf3 Nfd5 20. Bd4 a5 21. Bxg7
Kxg7 22. Qd4+ e5 23. Qa7 Rb5 24. e4 Nd3 25. Ra1 Qc4 26. exd5 e4 27. Qxe7+ Kh6
28. Qxe4 1-0